Normal view
MARC view
Entry Personal Name
001 - CONTROL NUMBER
- control field: 1015
003 - CONTROL NUMBER IDENTIFIER
- control field: PK-NaQUE
005 - DATE AND TIME OF LATEST TRANSACTION
- control field: 20260629112401.0
008 - FIXED-LENGTH DATA ELEMENTS
- fixed length control field: 260629|| aca||aabn | a|a d
040 ## - CATALOGING SOURCE
- Original cataloging agency: PK-NaQUE
- Transcribing agency: PK-NaQUE
100 ## - HEADING--PERSONAL NAME
- Personal name: Ali Jan
- Personal name: 19-MSM-03
- Personal name: Supervisor - Dr. Kamran Nazir Memon
670 ## - SOURCE DATA FOUND
- Source citation: Work cat.: (PK-NaQUE)69074: Ali Jan 19-MSM-03 Supervisor - Dr. Kamran Nazir Memon , Tank Drainage Flow of Viscous Fluid Through Circular Pipe with Uniform Reabsorption (Thesis MS), 2025